000 00701nam a22002177a 4500
003 UA-OsUOA
001 135184
007 ta
008 20190115b un ||||| |||| 00| 0 ukr d
100 _aЛипківський К.
090 _a32
_bЛ61
942 _cSA
040 _aUA-OsUOA
_bukr
_cUA-OsUOA
_dUA-OsUOA
245 _aАктуальні думки Василя Липківського. "Наша церква має бути автокефальною з історичного, канонічного і морального погляду" (1921 р.)
300 _aС.4
955 _a0
041 _aukr
080 _a32
773 0 _w135183
650 7 _a32 Політика
_2UDC
999 _c408338
_d408338